| 000 | 00492nam a2200193Ia 4500 | ||
|---|---|---|---|
| 008 | 170918s9999 xx 000 0 und d | ||
| 020 | _a9780439351256 | ||
| 050 | _bC522 2002 | ||
| 100 | _aCherrington, Janelle | ||
| 245 | 4 | _aThe drum beats on / | |
| 245 | _cJanelle Cherrington ; illustrated by Robert Casilla. | ||
| 260 | _aNew York : | ||
| 260 | _bScholastic, | ||
| 260 | _c2002 | ||
| 300 | _a16 pages : | ||
| 300 | _bcolored illustration ; | ||
| 300 | _c21cm. | ||
| 500 | _a430 | ||
| 999 |
_c341418 _d341418 |
||